القانون التجاري المصري / (Record no. 24547)
[ view plain ]
| 000 -الفاتح | |
|---|---|
| حقل البيانات ثابتة الطول | 01186nam a22002895a 4500 |
| 003 - محدد رقم الضبط | |
| رقم الضبط | OSt |
| 005 - وقت وتاريخ اخر تعامل مع التسجيلة | |
| رقم الضبط | 20170402105741.0 |
| 008 - عناصر البيانات ثابتة الطول - معلومات عامة | |
| حقل البيانات ثابتة الطول | 170116m20082006ua frb 000 0 ara d |
| 015 ## - | |
| -- | 2005 / 19041 |
| 020 ## - الرقم الدولى المعيارى للكتب | |
| الرقم الدولى المعيارى للكتاب | 9770447773 (جزء 1) |
| 020 ## - الرقم الدولى المعيارى للكتب | |
| الرقم الدولى المعيارى للكتاب | 9789770456935 (جزء 2) |
| 040 ## - مصدر الفهرسة | |
| وكالة الفهرسة الأصلية | EG-ScBUE |
| لغة الفهرسة | ara |
| وكالة النسخ | EG-ScBUE |
| 043 ## - رمز المنطقة الجغرافية | |
| رمز المنطقة الجغرافية | f-ua--- |
| 082 04 - رقم تصنيف ديوى العشرى | |
| رقم التصنيف | 346.6207 |
| رقم المادة | ز ا هـ |
| رقم الطبعة | 22 |
| 100 1# - المدخل الرئيسى - إسم شخصى | |
| الإسم الشخصى | زاهر، فاروق أحمد. |
| 245 12 - بيان العنوان | |
| العنوان | القانون التجاري المصري / |
| بيان المسئوليه,etc | فاروق أحمد زاهر. |
| 260 ## - PUBLICATION, DISTRIBUTION, ETC. (IMPRINT) | |
| مكان الناشر او الموزع | القاهرة : |
| اسم الناشر او الموزع | دار النهضة العربية، |
| تاريخ النشر أو التوزيع | 2008-2006. |
| 300 ## - الوصف المادى | |
| التعداد | 2 ج. في مج. 4 ؛ |
| أبعاد الوعاء | 24 سم. |
| 504 ## - تبصرة ببليوجرافية | |
| تبصرة ببليوجرافية,الخ | يشتمل على إرجاعات ببليوجرافية. |
| 505 2# - تبصرة محتويات-الفهرس | |
| تبصرة المحتويات المصاغة | ج. 1 في مج. 4. الإفلاس -- ج. 2 في مج. 4. الأوراق التجارية : دراسة في أحكام قانون الصرف. |
| 650 #7 - المدخل الاضافى بالموضوع-مصطلح موضوعى | |
| مصطلح موضوعي أو اسم جغرافي كعنصر مدخل | القانون التجاري |
| التقسيم الفرعي الجغرافي | مصر. |
| 9 (RLIN) | 41150 |
| مصدر الرأس أو المصطلح | BUEsh |
| 650 #7 - المدخل الاضافى بالموضوع-مصطلح موضوعى | |
| مصطلح موضوعي أو اسم جغرافي كعنصر مدخل | الإفلاس |
| التقسيم الفرعي العام | قوانين وتشريعات |
| التقسيم الفرعي الجغرافي | مصر. |
| مصدر الرأس أو المصطلح | BUEsh |
| 650 #7 - المدخل الاضافى بالموضوع-مصطلح موضوعى | |
| مصطلح موضوعي أو اسم جغرافي كعنصر مدخل | الأوراق التجارية |
| التقسيم الفرعي العام | قوانين وتشريعات |
| التقسيم الفرعي الجغرافي | مصر. |
| مصدر الرأس أو المصطلح | BUEsh |
| 651 ## - المدخل الاضافى بالموضوع - اسم جغرافى | |
| مصدر الرأس أو المصطلح | BUEsh |
| 653 ## - مصطلح تكشيفى غير مقيد | |
| Resource For college | Law |
| Arrived date list | March2017 |
| 942 ## - عناصر المدخل الإضافي( كوها) | |
| مصدر التصنيف او مخطط الترفيف | Dewey Decimal Classification |
| حالة التراجع | حالة الفقد | مصدر التصنيف او خطة الترفيف | حالة تلف | ليس للاعارة | مجموعات كوها | المكان الدائم | المكان الحالي | موقع الترفيف | تاريخ الاكتساب | Source of acquisition | سعر الشراء الطبيعي | تعداد مسلسل / التسلسل الزمني | رقم الاستدعاء | الباركود | Date last seen | التكلفة | نوع الوعاء | تبصرة عامة | مُعار |
|---|---|---|---|---|---|---|---|---|---|---|---|---|---|---|---|---|---|---|---|
| Dewey Decimal Classification | دار النهضة العربية | Central Library | Central Library | First floor | 27/03/2017 | Purchase | 55.00 | 2815 | 346.6207 ز ا هـ | 000041501 | 15/07/2025 | 68.75 | Book - Borrowing | ج. 1 | |||||
| Dewey Decimal Classification | دار النهضة العربية | Central Library | Central Library | First floor | 27/03/2017 | Purchase | 55.00 | 2815 | 346.6207 ز ا هـ | 000041502 | 15/07/2025 | 68.75 | Book - Borrowing | ج. 1 | |||||
| Dewey Decimal Classification | دار النهضة العربية | Central Library | Central Library | First floor | 02/04/2017 | Purchase | 55.00 | 2815 | 346.6207 ز ا هـ | 000045966 | 15/07/2025 | 68.75 | Book - Borrowing | ج. 2 | 23/11/2024 | ||||
| Dewey Decimal Classification | دار النهضة العربية | Central Library | Central Library | First floor | 02/04/2017 | Purchase | 55.00 | 2815 | 346.6207 ز ا هـ | 000045967 | 23/12/2025 | 68.75 | Book - Borrowing | ج. 2 | 26/11/2025 |